000 00212nam a2200097Ia 4500
005 20251222152046.0
008 251222s9999||||xx |||||||||||||| ||spa||
082 _a379.24/M61
245 0 _aTestimonios
942 _cLIB
999 _c26226
_d26226